Catalog

Record Details

Catalog Search



Available copies

  • 1 of 2 copies available at LARL/NWRL Consortium.
  • 1 of 2 copies available at Lake Agassiz Regional Library. (Show preferred library)

Current holds

0 current holds with 2 total copies.

Show Only Available Copies
Location Call Number / Copy Notes Barcode Shelving Location Status Due Date
Fosston Public Library KEN (Text) 33500014223069 New Checked out 05/05/2026
Mahnomen Public Library KEN (Text) 33500014223051 New Available -

Record details

  • ISBN: 1464237328
  • ISBN: 9781464237324
  • ISBN: 9781464232046
  • ISBN: 1464232040
  • Physical Description: 505 pages : illustrations, genealogical tables ; ... Read More
  • Publisher: Naperville, Illinois : Bloom Blooks, 2025.

Content descriptions

General Note:
"Originally self-published in 2023 by Rina Kent"--Title page verso.
Summary, etc.:
When Mia Sokolov, Mafia heiress and selective ... Read More
Subject: Mute persons > Fiction.
College students > Fiction.
Mafia > Fiction.
Enemies > Fiction.
Man-woman relationships > Fiction.
Sexual dominance and submission > Fiction.
Genre: Romance fiction.
Erotic fiction.
Erotic fiction.
Romance fiction.
LDR 02888cam a2200589 i 4500
001466026
003LARL_NWRL_CONSORTIUM
00520250707170155.0
008240606s2025 iluij e 000 1 eng d
040 . ‡aYDX ‡beng ‡cYDX ‡dIMR ‡dGL4 ‡dOCLCO ‡dCNCAR ‡dHQD ‡dIG# ‡dGK8 ‡dHRF ‡dG8V
019 . ‡a1464874183
020 . ‡a1464237328
020 . ‡a9781464237324
020 . ‡a9781464232046 ‡q(paperback)
020 . ‡a1464232040 ‡q(paperback)
035 . ‡a(OCoLC)1430321985 ‡z(OCoLC)1464874183
08214. ‡a823/.92
1001 . ‡aKent, Rina, ‡eauthor.
24510. ‡aGod of ruin / ‡cRina Kent.
264 1. ‡aNaperville, Illinois : ‡bBloom Blooks, ‡c2025.
264 4. ‡c©2025
300 . ‡a505 pages : ‡billustrations, genealogical tables ; ‡c21 cm.
336 . ‡atext ‡btxt ‡2rdacontent
337 . ‡aunmediated ‡bn ‡2rdamedia
338 . ‡avolume ‡bnc ‡2rdacarrier
4900 . ‡aLegacy of gods ; ‡v4
500 . ‡a"Originally self-published in 2023 by Rina Kent"--Title page verso.
520 . ‡aWhen Mia Sokolov, Mafia heiress and selective mute, successfully gives Landon King a taste of his own medicine, she discovers that her actions may have unwelcome consequences. Landon King is a genius artist, a posh rich boy, and Mia's nightmare. Now, he's obsessed with her. He's never met someone with the same penchant for mischief as himself. But he realizes that beneath Mia's hard outer shell, she is struggling with something that is too horrible to say aloud. Mia can't seem to shake Landon and finds herself increasingly attached to him, despite his seemingly constant ability to make her angry and his psychotic tendencies that always push her a bit too far. And as Landon gets closer to the truth about Mia's past, danger lurks just around the corner. Mia has learned to trust Landon, but will he protect her or ruin her?
650 0. ‡aMute persons ‡vFiction. ‡0(LARL_NWRL_CONSORTIUM)166032
650 0. ‡aCollege students ‡vFiction. ‡0(LARL_NWRL_CONSORTIUM)164244
650 0. ‡aMafia ‡vFiction. ‡0(LARL_NWRL_CONSORTIUM)165975
650 0. ‡aEnemies ‡vFiction.
650 0. ‡aMan-woman relationships ‡vFiction. ‡0(LARL_NWRL_CONSORTIUM)165985
650 0. ‡aSexual dominance and submission ‡vFiction.
655 0. ‡aRomance fiction.
655 0. ‡aErotic fiction.
655 7. ‡aErotic fiction. ‡2lcgft
655 7. ‡aRomance fiction. ‡2lcgft
905 . ‡uvanderl
901 . ‡a466026 ‡bAUTOGEN ‡c466026 ‡tbiblio ‡soclc

Additional Resources